000 00343nam a2200145Ia 4500
008 150201s2006 xx 000 0 und d
082 _a617.643
_bR2006R
100 _aRANI,M.S.
245 _aREMOVABLE ORTHODONTICS APPLIANCES
250 _a2ND
260 _bAIPD
_aDELHI
_c2006
300 _a1-240
650 _aORTHODONTICS
942 _2ddc
_cBK
999 _c3596
_d3596